000 00734nam a22002177a 4500
082 _a297.1241
_bSAH
_cL-31, P-144
100 _aBakhuri, Abu abdullah muhammad bin ismail
_947128
245 _aصحیح بخاری شریف
260 _akarachi
_bMuhammad saeed & sons
300 _a928 p.
_btext
_c29 cm
526 _a0
_b0
_c0
_d297_124100000000000_SAH
526 _a0
_b0
_c0
_d297_124100000000000_SAH
526 _a0
_b0
_c0
_d297_124100000000000_SAH
526 _a0
_b0
_c0
_d297_124100000000000_SAH
526 _a0
_b0
_c0
_d297_124100000000000_SAH
526 _a0
_b0
_c0
_d297_124100000000000_SAH
526 _a0
_b0
_c0
_d297_124100000000000_SAH
526 _a0
_b0
_c0
_d297_124100000000000_SAH
650 _aMCE
_9379
942 _2ddc
_cBK
999 _c550419
_d550419